000 03859nam a2200421 a 4500
001 000035922
003 DO-SdBNP
005 20171009095259.0
007 000035922
008 111116s2011 dr 000 p spa d
020 _a9789993446118
040 _aBPMSU
_bspa
_cBPMSU
082 _aRD861.4409
_bR789L
100 1 _aRosario Candelier, Bruno,
_d1941-
245 1 3 _aLa lírica metafísica :
_bla conciencia trascendente en la poesía dominicana /
_cBruno Rosario Candelier.
260 0 _aSanto Domingo :
_bAteneo Insular Internacional,
_c2011
300 _a602 p. ;
_c23 cm.
490 1 _aPor las amenas liras
_v9
500 _aIncluye índice onomástico.
500 _aIncluye referencias bibliográficas y notas al pie de las páginas
505 0 _tIntroducción. Poesía, intuición y revelación --
_tLa intuición metafísica en la poesía de Domingo Moreno Jimenes --
_tVisión metafísica en Los huéspedes secretos de Manuel del Cabral --
_tLas ínsulas extrañas de Héctor Incháustegui Cabral--
_tLa iluminación interior en la poesía de Franklin Mieses Burgo --
_tLa criatura iluminada de Manuel Rueda --
_tMetafísica de la pasión en Melba Marrero de Munné --
_tLa pasión metafísica en la poesía de Manuel Valerio --
_tEl aliento metafísico en Antonio Fernández Spencer --
_tLa visión metafísica en la lírica de Lupo Hernández Rueda --
_tEl aliento numérico en la lírica de Máximo Avilés Blonda --
_tEl sentido humanizante en la poesía de Ramón Emilio Reyes --
_tLa interrogación metafísica en la lírica de José Enrique García --
_tLa angustia metafísica en la poesía de Cayo Claudio Espinal --
_tMetafísica de la conciencia en la lírica interior de Pedro José Gris --
_tLa conexión cósmica de Sally Rodríguez --
_tMetafísica de la creación en la lírica de José Frank Rosario --
_tLa conciencia interior en la lírica metafísica de León David --
_tLa clave metafísica en "Evasiones", poemario de Chiqui Vicioso --
_tLa visión imaginaria y trascendente en Ramón Antonio Jiménez --
_tEl sentimiento cósmico en la creción poética de Iki Tejada --
_tMetafísica de la experiencia en Carmen Pérez Valerio --
_tImagen arquetípica y protoidioma en la lírica de Noé Zayas --
_tLa intuición metafísica en la lírica de Ángel Rivera Juliao --
_tDimensión metafísica en al visión telúrica de J. Tatem Brache --
_tLa irradiación metafísica en la lírica simbólica de José Acosta --
_tLa clave metafísica y simbólica en la lírica de Julio Adames --
_tExpresión estética y pensamiento en la poesía de José Mármol --
_tEl simbolismo trascendente en la poesía de Leopoldo Minaya --
505 0 _tLa voz cósmica de Kariana Rieke --
_tConciencia y creación poética en la lírica de Roberto José Adames --
_tLa lírica interior de Farah Hallal --
_tEl aliento metafísico en la lírica de Fari Rosario --
_tMetafísica de las sensaciones en la lírica amorosa de Tony Raful --
_tLa metafísica simbólica en la poesía de Fernando Cabrera --
_tLa búsqueda del sentido en la lírica de Luis Mena Collado --
_tÍndice onomástico.
650 4 _aPOESÍA DOMINICANA
_xCRÍTICA E INTERPRETACIÓN
650 4 _aPOESÍA DOMINICANA
_xHISTORIA Y CRÍTICA
650 4 _aAUTORES DOMINICANOS
_xCRÍTICA E INTERPRETACIÓN
650 4 _aLITERATURA DOMINICANA
_xHISTORIA Y CRÍTICA
830 0 _aPor las amenas liras
_v9
910 _aValidado. Control de calidad BNPHU
930 1 _lBND01
_mLF1
_820141216
_f04
_pHD
_g45876
930 1 _lBND01
_mLF1
_hRD861.4409
_820111116
_f04
_pHD
_g32734
_he. 2
930 1 _lBND01
_mLF1
_hRD861.4409
_820131017
_f01
_pHD
_g41254
_he. 3
942 _2ddc
_cBK
945 _aInventariado, 2017/MFF
956 _aNMORDAN
_b10
_c20111116
_lBND01
_h1121
956 _aMGARCIA
_b10
_c20111122
_lBND01
_h1124
956 _aMMOLINA
_b40
_c20131206
_lBND01
_h1202
956 _aVMATEO
_b10
_c20150825
_lBPMSU
_h00151
999 _c8216
_d8216